| 000 -ლიდერი |
| ფიქსირებული სიგრძის საკონტროლო ველი |
01645nam a2200289Ia 4500 |
| 001 - საკონტროლო ნომერი |
| საკონტროლო ველი |
23316 |
| 003 - საკონტროლო ნომრის იდენტიფიკატორი |
| საკონტროლო ველი |
GE_BSU |
| 005 - ბოლო ოპერაციის თარიღი და დრო |
| საკონტროლო ველი |
20251204160332.0 |
| 008 - ფიქსირებული სიგრძის მონაცემთა ელემენტები - ზოგადი ინფორმაცია |
| ფიქსირებული სიგრძის საკონტროლო ველი |
181216s1991||||geo|||||||||||||| ||geo|| |
| 020 ## - წიგნის საერთაშორისო სტანდარტული ნომერი |
| International Standard Book Number |
5-520-00966-x |
| 040 ## - კატალოგიზაციის წყარო |
| Transcribing agency |
GE_BSU |
| 041 ## - ენის კოდი |
| Language code of text/sound track or separate title |
geo |
| 080 ## - უნივერსალური ათობითი კლასიფიკაციის ინდექსი |
| Universal Decimal Classification number |
94(479.22)".../05"(093)+930.2(479.22) გ-63 |
| 100 ## - მთავარი ჩანაწერი - პიროვნების სახელი |
| Personal name |
გოილაძე, ვ. |
| 9 (RLIN) |
26350 |
| 245 ## - ცნობა სათაურის შესახებ |
| Title |
ვახტანგ გორგასალი და მისი ისტორიკოსი / |
| Statement of responsibility, etc |
ვახტანგ გოილაძე ; რედ.: მ. ლორთქიფანიძე ; საქ. მეცნ. აკად., ივ. ჯავახიშვილის სახ. ისტორიის, არქეოლ. და ეთნოგრ. ინ-ტი. |
| 264 ## - წარმოების, გამოცემის, დისტრიბუციის და სხვა ცნობები |
| გამოცემის, წარმოების, დისტრიბუციის... ადგილი |
თბილისი : |
| გამოცემის, წარმოების, დისტრიბუციის... სახელწოდება |
მეცნიერება, |
| გამოცემის, წარმოების, დისტრიბუციის... თარიღი |
1991 |
| 300 ## - ფიზიკური აღწერა |
| Extent |
217გვ. ; |
| Dimensions |
20 სმ. |
| 520 ## - SUMMARY, ETC. |
| Summary, etc |
რეზიუმე ქართულ და რუსულ ენაზე |
| 653 ## - INDEX TERM--UNCONTROLLED |
| Uncontrolled term |
ვახტანგ I გორგასალი |
| 653 ## - INDEX TERM--UNCONTROLLED |
| Uncontrolled term |
ვახტანგ გორგასალი და მისი ისტორიკოსი |
| 653 ## - INDEX TERM--UNCONTROLLED |
| Uncontrolled term |
ისტორია |
| 700 ## - ADDED ENTRY--PERSONAL NAME |
| Personal name |
ლორთქიფანიძე, მარიამი |
| Relator term |
რედაქტორი |
| 9 (RLIN) |
26351 |
| 700 ## - ADDED ENTRY--PERSONAL NAME |
| Personal name |
ლომიძე, გ. |
| Relator term |
მხატვარი |
| 9 (RLIN) |
7583 |
| 710 ## - ADDED ENTRY--CORPORATE NAME |
| Corporate name or jurisdiction name as entry element |
საქ. მეცნ. აკად., ივ. ჯავახიშვილის სახ. ისტორიის, არქეოლ. და ეთნოგრ. ინ-ტი |
| 9 (RLIN) |
26352 |
| 942 ## - ADDED ENTRY ELEMENTS (KOHA) |
| Koha item type |
წიგნი |
| Source of classification or shelving scheme |
|